Greek Gods in the East Hellenistic Iconographic Schemes in the Central Asia
Saved in:
| Main Author | |
|---|---|
| Format | Electronic eBook |
| Language | Czech |
| Published |
Karolinum
2012
|
| Edition | 1. elektronické vydání |
| Subjects | |
| Online Access | Dostupné v BOOKPORT po přihlášení pomocí eduID |
| ISBN | 978-80-246-2467-9 978-80-246-2045-9 |
| Physical Description | 1 online zdroj (262 stran) |
Cover
| LEADER | 00000nam a2200000 i 4500 | ||
|---|---|---|---|
| 001 | bkp434136505 | ||
| 003 | CZ-prgp | ||
| 005 | 20191001132527.0 | ||
| 006 | m o d | ||
| 007 | cr cn | ||
| 008 | 191001s2012 xr o 000 0 cze | ||
| 020 | |a 978-80-246-2467-9 |c 230 Kč |q (online ; pdf) | ||
| 020 | |a 978-80-246-2045-9 |c 335 Kč |q (print) | ||
| 040 | |a Grada |b cze |e rda | ||
| 100 | 1 | |a Stančo, Ladislav | |
| 245 | 1 | 0 | |a Greek Gods in the East |b Hellenistic Iconographic Schemes in the Central Asia |c Ladislav Stančo |
| 250 | |a 1. elektronické vydání | ||
| 264 | 1 | |b Karolinum |c 2012 | |
| 300 | |a 1 online zdroj (262 stran) | ||
| 336 | |a text |b txt |2 rdacontent | ||
| 337 | |a počítač |b c |2 rdamedia | ||
| 338 | |a online zdroj |b cr |2 rdacarrier | ||
| 520 | 3 | |a Kniha pojednává o osudu řeckých mytologických námětů, postav božských i heroických, daleko na Východě, především v oblasti starověké Gandháry a Baktrie. V abecedně řazeném přehledu jsou zde pojednána jednotlivá základní ikonografická schémata, která si umění těchto oblastí vypůjčilo z helénistického Středomoří. Můžeme srovnat, jak se jednotlivá typická vyobrazení řeckých božstev v průběhu staletí měnila a přizpůsobovala vkusu i představám místního obyvatelstva. Vedle toho se řada původně řeckých mytologických postav i s jejich obvyklými atributy stala, jak je zde názorně ukázáno, základem pro zobrazení různých místních - íránských, indických i jiných - božstev. | |
| 650 | 0 | 4 | |a Sociologie |
| 856 | 4 | 0 | |u https://www.bookport.cz/AccountSaml/SignIn/?idp=https://shibboleth.utb.cz/idp/shibboleth&returnUrl=/kniha/greek-gods-in-the-east-5391/ |y Dostupné v BOOKPORT po přihlášení pomocí eduID |